• 首页
  • 本馆介绍
  • 公告通知
  • 最新文献
  • 馆藏检索
  • 电子资源
  • 读者导购
  • 参考咨询
  • 我的图书馆
  • 登录
  • 详细信息显示
  • 放入我的书架
  • 预约/预借图书
  • 作者相关作品
  • 分类相关作品
  • 丛书相关作品
  • 出版社相关作品

书目信息

  • 表格格式
  • 工作单格式
  • 卡片格式
书名: Mathematical principles of mechanics and electromagnetism
作者: C.-C. Wang.
分册号:
分册名: Part A:Analytical and Continuum Mechanics /
出版地: New York :
 
出版社: Plenum Press
出版时间: c1979.
页数: 2 v. (xiv, 386 p.) ;
开本: 24 cm.
丛书名:
中图分类号:
科图分类号:
其他分类号: O3:H31
主题词:
电子资源:
000 01196nam 2200373 a 4500
001 E0730937031
005 20070226083811.23
020    @a0306402114 (pt. A).
090    @aO3:H31
099    @dO3:H31@ex32:1
100 1  @aWang, Chao-Cheng,@d1938-
245 10 @aMathematical principles of mechanics and electromagnetism.@pPart A:Analytical and Continuum Mechanics / @cC.-C. Wang.
260    @aNew York :@bPlenum Press,@cc1979.
300    @a2 v. (xiv, 386 p.) ;@c24 cm.
490 0  @aMathematical concepts and methods in science and engineering ;@vv. 16-17
504    @aIncludes bibliographical references (pt. A, p. 197-198; pt. B, p. 385-386) and indexes.
505 0  @apt. A. Analytical and continuum mechanics -- pt. B. Electromagnetism and gravitation.
920    @a211040@z1
920    @a211010@bO3@cW184 @z1
920    @a231220@z1
920    @a212010@z1
920    @a244050@z2
920    @a211060@z1
920    @a251050@z1
920    @a242120@z1
920    @a215010@z1
920    @a245010@z1
920    @a243040@z1
920    @a236010@z2
920    @a242030@z2
920    @a222020@z2
920    @a231030@bO3-02@cW246M@z1
920    @a242010@z1
998    @aPUL
    
    Mathematical principles of mechanics and electromagnetism.. Part A:Analytical and Continuum Mechanics / / C.-C. Wang.-New York : : Plenum Press, , c1979.
    2 v. (xiv, 386 p.) ; ; 24 cm.- (Mathematical concepts and methods in science and engineering ; v. 16-17)
    Includes bibliographical references (pt. A, p. 197-198; pt. B, p. 385-386) and indexes.-pt. A. Analytical and continuum mechanics -- pt. B. Electromagnetism and gravitation.
    
    ISBN 0306402114 (pt. A).
    
●
相关链接 在E读中查询图书 在五车中查询图书 在当当中查询图书 在豆瓣中查询图书


正题名:Mathematical principles of mechanics and electromagnetism     索取号:O3:H31/x32:1         预约/预借

序号 登录号 条形码 馆藏地/架位号 状态 备注
1 129483   000452799   第四借阅区/ [索取号:O3:H31/x32:1] 在馆    
2 129484   000452959   第四借阅区/ [索取号:O3:H31/x32:1] 在馆    
3 129485   000452753   第四借阅区/ [索取号:O3:H31/x32:1] 在馆    
4 129486   000452995   第四借阅区/ [索取号:O3:H31/x32:1] 在馆    
5 129487   000452717   第二样本阅览室/ [索取号:O3:H31/x32:1] 在馆    
唐山师范学院图书馆 欢迎您!
大连网信软件有限公司© 版权所有